Sports Quiz

Random Sports or Soccer Quiz

Champions League: The Nearly Teams Quiz Stats

 Plays Quiz Updated Jul 24, 2019

Score 0/8 Timer 04:00
18 Plays Today
Year Team % Correct
2019Tottenham Hotspur
96.3%
2014Atlético Madrid
90.4%
2016Atlético Madrid
90.4%
2006Arsenal
84%
2002Bayer 04 Leverkusen
68.4%
2004AS Monaco FC
67.9%
2000Valencia CF
67.5%
2001Valencia CF
67.5%

You're not logged in!

Compare scores with friends on all Sporcle quizzes.
OR
Log In

Sporcle TV

Today on Sporcle TV


Watch our educational content, quiz creation guides, and fun videos on Sporcle TV.

Show Comments

Extras

Top Quizzes Today


Score Distribution

Your Account Isn't Verified!

In order to create a playlist on Sporcle, you need to verify the email address you used during registration. Go to your Sporcle Settings to finish the process.

Report this User

Report this user for behavior that violates our Community Guidelines.

Details: